[Event "Chigorin Memorial 2016"]
[Site "St Petersburg RUS"]
[Date "2016.10.16"]
[Round "2.112"]
[White "Kievelitz, Bernd"]
[Black "Drogovoz, Irina"]
[Result "0-1"]
[BlackTitle "WIM"]
[WhiteElo "1897"]
[BlackElo "2144"]
[WhiteFideId "4602544"]
[BlackFideId "4176715"]
[EventDate "2016.10.15"]

1. Nf3 Nf6 2. c4 e6 3. Nc3 d5 4. d4 c6 5. Qb3 Be7 6. Bf4 O-O 7. e3 Qa5 8. Bd3 c5
9. dxc5 Nbd7 10. Bd6 Nxc5 11. Bxc5 Bxc5 12. O-O dxc4 13. Qxc4 g6 14. Qh4 Kg7 15.
Nd4 Be7 16. Nb3 Qe5 17. Qd4 Qb8 18. Ne4 e5 19. Qc3 Nd5 20. Qc4 Rd8 21. Nec5 a5
22. Be4 b5 23. Qc2 a4 24. Nd2 f5 25. Bxd5 Rxd5 26. b4 Bxc5 27. bxc5 Qc7 28. Rac1
Be6 29. Nf3 Rc8 30. Qb2 Rxc5 31. Rxc5 Qxc5 32. Nxe5 a3 33. Qa1 Qc3 34. Nf3 Qxa1
35. Rxa1 b4 36. h3 0-1

[Event "Chigorin Memorial 2016"]
[Site "St Petersburg RUS"]
[Date "2016.10.16"]
[Round "2.113"]
[White "Shubin, Alexey"]
[Black "Shapiyanov, Adam"]
[Result "1-0"]
[WhiteElo "2141"]
[BlackElo "1857"]
[WhiteFideId "4130707"]
[BlackFideId "24123390"]
[EventDate "2016.10.15"]

1. e4 c5 2. Nf3 d6 3. d4 cxd4 4. Nxd4 Nf6 5. Nc3 a6 6. Bg5 e6 7. Qf3 Nbd7 8.
O-O-O b5 9. e5 d5 10. exf6 gxf6 11. Nxd5 exd5 12. Re1+ Be7 13. Nc6 Ne5 14. Rxe5
fxe5 15. Nxd8 Bxg5+ 16. Kb1 Bxd8 17. Qxd5 Ra7 18. Qxe5+ 1-0

[Event "Chigorin Memorial 2016"]
[Site "St Petersburg RUS"]
[Date "2016.10.16"]
[Round "2.114"]
[White "Kavyev, Ruslan"]
[Black "Ungurs, Edgars"]
[Result "0-1"]
[WhiteElo "1890"]
[BlackElo "2140"]
[WhiteFideId "34110981"]
[BlackFideId "11601205"]
[EventDate "2016.10.15"]

1. e4 e6 2. d4 d5 3. Nc3 Bb4 4. e5 c5 5. a3 Bxc3+ 6. bxc3 Qa5 7. Bd2 Qa4 8. Qb1
c4 9. f4 Nc6 10. Nf3 Bd7 11. g3 f5 12. exf6 Nxf6 13. Bh3 Ne4 14. O-O O-O-O 15.
Qb2 Rdf8 16. Rae1 h6 17. Re2 Qa5 18. Rfe1 g5 19. Ne5 Nxe5 20. fxe5 Rf3 21. Rb1
b6 22. Be1 Rhf8 23. Bg2 Be8 24. Bxf3 Rxf3 25. Qb4 Qxb4 26. axb4 Bh5 27. Rg2 Bg4
28. Bd2 Bh3 29. Re2 a5 30. bxa5 bxa5 31. Ra1 Kc7 32. Be3 Kb6 33. Ree1 Bf5 34.
Kg2 g4 35. Rab1+ Kc7 36. Ra1 Kb6 37. Rab1+ Ka6 38. Rb8 Nxc3 39. Bd2 Bxc2 40.
Ra8+ Kb5 41. Kg1 Ne4 42. Rb8+ Ka6 43. Bxa5 Ng5 44. Bd2 Nh3+ 45. Kh1 Rf1+ 46. Kg2
Rf2+ 47. Kh1 Be4+ 48. Rxe4 Rf1+ 0-1

[Event "Chigorin Memorial 2016"]
[Site "St Petersburg RUS"]
[Date "2016.10.16"]
[Round "2.115"]
[White "Zherebtsova, Alexandra"]
[Black "Sanarov, Leonid"]
[Result "1-0"]
[WhiteTitle "WFM"]
[WhiteElo "2139"]
[BlackElo "1852"]
[WhiteFideId "24129518"]
[BlackFideId "34132993"]
[EventDate "2016.10.15"]

1. d4 Nf6 2. Nf3 g6 3. g3 Bg7 4. Bg2 O-O 5. O-O d6 6. Re1 Nbd7 7. e4 e5 8. dxe5
dxe5 9. Nc3 c6 10. b3 Qe7 11. a4 Rd8 12. Qe2 Nf8 13. Ba3 Qe8 14. h3 Ne6 15. Rad1
Nd7 16. Nb1 Ndc5 17. Bb2 Nd7 18. Na3 b6 19. Bf1 Nec5 20. Nc4 Ba6 21. Qe3 Qe7 22.
Ba3 Qe6 23. Rd6 Qe7 24. Rd2 Qf8 25. g4 Bxc4 26. Bxc4 Qe8 27. Red1 Bf8 28. Bb2
Bg7 29. Rd6 Rac8 30. Ng5 Bh6 31. f4 Bxg5 32. fxg5 Nf8 33. Rxd8 Rxd8 34. Rf1 Rd7
35. Qf3 Qe7 36. h4 Nfe6 37. Bxe5 Nxg5 38. hxg5 Qxe5 39. Bxf7+ Kg7 40. Bd5 Rd8
41. Qf7+ Kh8 42. Qf8+ Rxf8 43. Rxf8+ 1-0

[Event "Chigorin Memorial 2016"]
[Site "St Petersburg RUS"]
[Date "2016.10.16"]
[Round "2.116"]
[White "Shmyrin, Mikhail"]
[Black "Avalyan, Artur"]
[Result "1-0"]
[WhiteElo "1871"]
[BlackElo "2138"]
[WhiteFideId "34128104"]
[BlackFideId "34164550"]
[EventDate "2016.10.15"]

1. e4 e6 2. d4 d5 3. Nd2 c5 4. exd5 exd5 5. Ngf3 a6 6. dxc5 Bxc5 7. Nb3 Bb6 8.
Be2 Nf6 9. O-O O-O 10. Bg5 Be6 11. Nbd4 Nc6 12. c3 Bc7 13. h3 h6 14. Be3 Qd6 15.
Bd3 Ne5 16. Re1 Nxd3 17. Qxd3 Ne4 18. Rad1 b5 19. Ne2 Rad8 20. Bf4 Qb6 21. Bxc7
Qxc7 22. Ned4 Bc8 23. Nd2 Bb7 24. Nf5 Qb6 25. Qd4 Qxd4 26. Nxd4 Rd7 27. N2b3 Rc7
28. f3 Nd6 29. Kf2 Nc4 30. Re2 Kh7 31. Nf5 a5 32. a3 Ra8 33. Ne3 Nb6 34. Nd4 Ba6
35. Red2 g6 36. Nb3 Bb7 37. Rd4 Kg7 38. Nc1 Rd8 39. Ne2 Rc5 40. Nf4 g5 41. Nh5+
Kg6 42. Ng3 Bc8 43. Ne4 Rc7 44. Nxd5 Nxd5 45. Rxd5 Rxd5 46. Rxd5 Bd7 47. Rd6+
Kg7 48. Nf6 Bc6 49. Ng4 h5 50. Nf6 h4 51. Ke3 Kf8 52. Kd4 Bb7 53. Rb6 Ke7 54.
Ng4 Bc6 55. Ne5 Be8 56. Ke4 f6 57. Ng4 Bc6+ 58. Kd4 Rc8 59. Nxf6 Kxf6 60. Kc5
Ke5 61. Rxc6 Rb8 62. b4 axb4 63. axb4 Kf4 64. Rg6 Rc8+ 65. Kxb5 Rxc3 66. Rc6 Rb3
67. Rc4+ Kf5 68. Rg4 Rb2 69. Kc5 Rc2+ 70. Kb6 Rb2 71. b5 Rc2 72. Kb7 Rb2 73. b6
Rc2 74. Kb8 Ra2 75. b7 Rb2 76. Ra4 Rxg2 1-0

[Event "Chigorin Memorial 2016"]
[Site "St Petersburg RUS"]
[Date "2016.10.16"]
[Round "2.117"]
[White "Hakobyan, Hovhannes H."]
[Black "Protasova, Anastasia"]
[Result "1-0"]
[WhiteElo "2136"]
[BlackElo "1847"]
[WhiteFideId "13306308"]
[BlackFideId "44154810"]
[EventDate "2016.10.15"]

1. e4 c6 2. d4 d5 3. f3 Nf6 4. e5 Nfd7 5. f4 e6 6. Nf3 c5 7. Nc3 Nc6 8. Be3 Qb6
9. a3 cxd4 10. Nxd4 Nxd4 11. Bxd4 Bc5 12. Bxc5 Nxc5 13. Qd4 O-O 14. O-O-O Qc6
15. h4 Bd7 16. Rh3 Na4 17. b3 Nb6 18. Rg3 Rfc8 19. f5 Qc5 20. Qxc5 Rxc5 21. f6
g6 22. Rd4 Rac8 23. Kd2 a6 24. a4 Na8 25. h5 b5 26. b4 R5c7 27. a5 Be8 28. Be2
Rc6 29. Bd1 Rc4 30. Ne2 Rxd4+ 31. Nxd4 Rc4 32. c3 Bd7 33. Bg4 Bc8 34. hxg6 hxg6
35. Be2 Rc7 36. Rh3 Bd7 37. Nf3 Be8 38. Ng5 Rd7 39. Ke3 Rc7 40. Kd4 Bd7 41. Rh7
Be8 42. Rg7+ Kh8 43. Bd3 Rd7 44. Nh3 Rc7 45. Nf4 Rd7 46. Bc2 Rc7 47. Bb3 Rd7 48.
Nd3 Ra7 49. Nc5 Nc7 50. Bc2 1-0

[Event "Chigorin Memorial 2016"]
[Site "St Petersburg RUS"]
[Date "2016.10.16"]
[Round "2.118"]
[White "Korchagina, Viktoria"]
[Black "Terekhov, Dmitriy"]
[Result "1-0"]
[WhiteTitle "WFM"]
[WhiteElo "2126"]
[BlackElo "1844"]
[WhiteFideId "4197224"]
[BlackFideId "44124058"]
[EventDate "2016.10.15"]

1. e4 e5 2. Nf3 Nf6 3. Nxe5 d6 4. Nf3 Nxe4 5. Nc3 Nxc3 6. dxc3 Be7 7. Bf4 Bg4 8.
Qd2 Nd7 9. Nd4 a6 10. f3 Bh5 11. O-O-O Bg6 12. Re1 O-O 13. g4 Bh4 14. Bg3 Qf6
15. f4 h6 16. Nf3 Bxg3 17. hxg3 Rfe8 18. Rxe8+ Rxe8 19. g5 hxg5 20. Nxg5 Qe7 21.
g4 Be4 22. Qh2 1-0

[Event "Chigorin Memorial 2016"]
[Site "St Petersburg RUS"]
[Date "2016.10.16"]
[Round "2.119"]
[White "Nuritdinov, Nizomiddin"]
[Black "Barchuk, Irina"]
[Result "0-1"]
[WhiteElo "1865"]
[BlackElo "2126"]
[WhiteFideId "14203820"]
[BlackFideId "14119005"]
[EventDate "2016.10.15"]

1. d4 Nf6 2. Nf3 g6 3. c4 Bg7 4. Nc3 O-O 5. e4 d6 6. Bd3 e5 7. dxe5 dxe5 8. Bg5
h6 9. Bh4 Bg4 10. h3 Bxf3 11. Qxf3 Nc6 12. Bxf6 Bxf6 13. Nd5 Bg7 14. O-O Nd4 15.
Qd1 c6 16. Nc3 h5 17. Ne2 Ne6 18. Rc1 Qh4 19. Bb1 Bh6 20. Rc3 Rad8 21. Rd3 Nc5
22. g3 Qe7 23. Rxd8 Rxd8 24. Qe1 Qe6 25. Qa5 b6 26. Qxa7 Qxh3 27. Qxb6 Ne6 28.
Qxc6 h4 29. Qb6 Rd2 30. Qb8+ Bf8 31. Qxe5 Bd6 32. Qb5 Rxe2 33. c5 hxg3 34. Qe8+
Kg7 0-1

[Event "Chigorin Memorial 2016"]
[Site "St Petersburg RUS"]
[Date "2016.10.16"]
[Round "2.120"]
[White "Utiatskaja, Irina"]
[Black "Pilchin, Uri"]
[Result "1-0"]
[WhiteTitle "WIM"]
[WhiteElo "2123"]
[BlackElo "1839"]
[WhiteFideId "24140848"]
[BlackFideId "2816636"]
[EventDate "2016.10.15"]

1. e4 c5 2. Nf3 d6 3. d4 cxd4 4. Nxd4 Nf6 5. Nc3 a6 6. Be3 Ng4 7. Bc1 e5 8. Nf5
Bxf5 9. exf5 Nf6 10. Bg5 Nbd7 11. Bc4 Qc7 12. Bb3 Be7 13. O-O O-O 14. Qd2 Rad8
15. Rad1 Rfe8 16. Rfe1 b5 17. h3 b4 18. Ne4 Nxe4 19. Rxe4 Bxg5 20. Qxg5 Nf6 21.
Rxb4 d5 22. Rd3 h6 23. Qh4 e4 24. Rd1 Qe5 25. Rbd4 Qxf5 26. c4 e3 27. fxe3 Rxe3
28. cxd5 Rd6 29. Qf4 Qxf4 30. Rxf4 Re2 31. Rf2 Re3 32. Rc2 Ne4 33. Rc8+ Kh7 34.
Bc2 f5 35. Rc6 Rg6 36. Rxg6 Kxg6 37. d6 Nc5 38. d7 Nxd7 39. Rxd7 Re2 40. Rd6+ 1-0

[Event "Chigorin Memorial 2016"]
[Site "St Petersburg RUS"]
[Date "2016.10.16"]
[Round "2.121"]
[White "Don, Aleksandr"]
[Black "Krasovskiy, Sviatoslav"]
[Result "0-1"]
[WhiteElo "1856"]
[BlackElo "2123"]
[WhiteFideId "44153406"]
[BlackFideId "24145696"]
[EventDate "2016.10.15"]

1. e4 Nf6 2. e5 Nd5 3. d4 d6 4. exd6 cxd6 5. Nf3 g6 6. c4 Nb6 7. Nc3 Bg7 8. Be3
O-O 9. h3 Bf5 10. Be2 Nc6 11. Rc1 d5 12. c5 Nc4 13. Bxc4 dxc4 14. O-O Bd3 15.
Re1 Re8 16. Nb5 a6 17. Na3 Nxd4 18. Nxd4 Bxd4 19. Bxd4 Qxd4 20. Rxc4 Qd5 21. Rc3
Rad8 22. Re3 Bf5 23. Qxd5 Rxd5 24. Nc4 Be6 25. b4 Rd4 26. Rxe6 fxe6 27. a3 Red8
28. Na5 R8d7 29. c6 bxc6 30. Rxc6 R4d6 31. Rc8+ Rd8 32. Rc7 R8d7 33. Rc8+ Kg7
34. Nb3 Rd1+ 35. Kh2 R7d3 36. Nc5 Rxa3 37. Nxe6+ Kf6 38. Nc5 Kf7 39. Rh8 Rd4 40.
Rxh7+ Kf6 41. g4 Rxb4 42. Nd7+ Kg5 43. Rxe7 Rf4 44. Kg2 Ra2 45. Kg3 Ra3+ 46. Kg2
a5 47. Nc5 Kf6 48. Re2 a4 49. g5+ Kf5 50. Re8 Rc4 51. Rf8+ Ke5 52. Nd7+ Kd6 53.
Nb6 Rc6 54. Rf6+ Kc5 55. Nd7+ Kb5 56. Rf8 Rac3 57. Rb8+ Ka5 58. Rb1 Rc1 59. Rb8
a3 60. Nc5 a2 0-1

[Event "Chigorin Memorial 2016"]
[Site "St Petersburg RUS"]
[Date "2016.10.16"]
[Round "2.122"]
[White "Smirnov, Dmitrii"]
[Black "Veselov, Andrey"]
[Result "0-1"]
[WhiteElo "1849"]
[BlackElo "2122"]
[WhiteFideId "44156952"]
[BlackFideId "24150126"]
[EventDate "2016.10.15"]

1. e4 c5 2. Nf3 Nc6 3. d4 cxd4 4. Nxd4 Nf6 5. Nc3 e6 6. Be2 Bb4 7. Bg5 Qa5 8.
Nxc6 Bxc3+ 9. bxc3 Qxg5 10. Nd4 Nxe4 11. Bf3 Nxc3 12. Qd3 Qe5+ 13. Kf1 Qc5 14.
g3 d5 15. Kg2 Bd7 16. Rhe1 O-O 17. Re3 Rac8 18. Nb3 Qc7 19. Qd4 Nb5 20. Qh4 Qxc2
21. Rc1 Qxa2 22. Rxc8 Bxc8 23. Qe7 Qa3 24. Nc5 Qb4 25. Rb3 Qc4 26. Bh5 b6 27.
Rf3 Qxc5 28. Bxf7+ Kh8 29. Qh4 Bb7 30. Kh3 e5 31. Rf6 Qe7 0-1

[Event "Chigorin Memorial 2016"]
[Site "St Petersburg RUS"]
[Date "2016.10.16"]
[Round "2.123"]
[White "Baranov, Andrey"]
[Black "Moshkov, Vyacheslav"]
[Result "1-0"]
[WhiteElo "2121"]
[BlackElo "1826"]
[WhiteFideId "4130260"]
[BlackFideId "24115118"]
[EventDate "2016.10.15"]

1. e4 c5 2. Nf3 d6 3. Bb5+ Nc6 4. O-O Bd7 5. Re1 e5 6. c3 Be7 7. a4 Nf6 8. Na3
O-O 9. h3 Qc7 10. d4 Rfe8 11. Bc4 Na5 12. Ba2 h6 13. b4 Nc6 14. Rb1 b6 15. Nb5
Qb8 16. bxc5 dxc5 17. dxe5 Nxe5 18. Bf4 Nxf3+ 19. Qxf3 Qb7 20. Nc7 Bxa4 21. Nxa8
Rxa8 22. Bd5 Bc6 23. c4 a6 24. Be5 b5 25. Bxf6 Bxf6 26. e5 Bxd5 27. cxd5 Bg5 28.
Qe4 Rd8 29. f4 Bh4 30. Red1 c4 31. Qxc4 bxc4 32. Rxb7 Bg3 33. Rd4 c3 34. Rb1 g5
35. Rd3 Bxf4 36. Rxc3 Rxd5 37. Rc6 Kg7 38. e6 fxe6 39. Rxe6 Rd6 40. Rxd6 Bxd6
41. Ra1 Bc5+ 42. Kf1 h5 43. Ra5 Be7 44. g4 hxg4 45. hxg4 Kf7 46. Rxa6 Bf6 47.
Ke2 Be5 48. Kf3 Bf4 49. Ke4 Bc1 50. Kf5 Bd2 51. Ra7+ Kf8 52. Kf6 Ke8 53. Ra8+
Kd7 54. Rg8 Bf4 55. Rxg5 1-0

[Event "Chigorin Memorial 2016"]
[Site "St Petersburg RUS"]
[Date "2016.10.16"]
[Round "2.124"]
[White "Fridman, Grigory"]
[Black "Sazonova, Anastasia"]
[Result "0-1"]
[BlackTitle "WFM"]
[WhiteElo "1840"]
[BlackElo "2115"]
[WhiteFideId "34159875"]
[BlackFideId "24131008"]
[EventDate "2016.10.15"]

1. e4 e6 2. d4 d5 3. e5 c5 4. c3 Nc6 5. Nf3 Bd7 6. a3 f6 7. exf6 Nxf6 8. b4 c4
9. Nbd2 Bd6 10. g3 O-O 11. Bg2 Be8 12. O-O Bh5 13. Qa4 Qd7 14. Re1 Rae8 15. b5
Ne7 16. Ne5 Qc7 17. Bh3 Nc8 18. f4 Bxe5 19. Rxe5 Bg4 20. Bg2 Nd6 21. Bb2 Qb6 22.
Rae1 Nd7 23. h3 Nxe5 24. fxe5 Nxb5 25. hxg4 Nxd4 26. cxd4 Qxb2 27. Nf3 c3 28.
Qb4 Rc8 29. Rb1 Qe2 30. Rc1 Qe3+ 0-1

[Event "Chigorin Memorial 2016"]
[Site "St Petersburg RUS"]
[Date "2016.10.16"]
[Round "2.125"]
[White "Vorobyova, Valeriya"]
[Black "Nikitinyh, Boris"]
[Result "1/2-1/2"]
[WhiteElo "1830"]
[BlackElo "2114"]
[WhiteFideId "34130290"]
[BlackFideId "4198328"]
[EventDate "2016.10.15"]

1. d4 Nf6 2. c4 g6 3. Nc3 Bg7 4. e4 d6 5. f4 O-O 6. Nf3 Nc6 7. Be2 Bg4 8. O-O
Nd7 9. Be3 e5 10. fxe5 dxe5 11. d5 Bxf3 12. Bxf3 Nd4 13. Ne2 c5 14. Rb1 Nb6 15.
Qd3 Nc8 16. b4 b6 17. bxc5 bxc5 18. Nxd4 exd4 19. Bf4 h5 20. h3 Re8 21. Rfe1 Be5
22. Bxe5 Rxe5 23. Rb5 Qe7 24. Re2 Nb6 25. Qa3 Rc8 26. Rc2 h4 27. Ra5 Rc7 28. Qd3
Nc8 29. Ra3 Nd6 30. Re2 Rc8 31. Ra5 Re8 32. Rxc5 Nxe4 33. Rxe4 Qxc5 34. Qxd4
Qxd4+ 35. Rxd4 Re1+ 36. Kf2 Rc1 37. d6 Rc2+ 38. Kf1 Rc1+ 39. Bd1 Kf8 40. d7 Rd8
41. Ke2 Ke7 42. Ba4 Rc3 43. Kd2 Ra3 44. Bb5 a6 45. Bc6 Rxa2+ 46. Kc3 Re2 47. c5
Re1 48. Kd2 Re5 49. Rc4 g5 50. Kc3 Rxd7 51. Bxd7 Kxd7 52. Kb4 Kc6 53. Rc1 a5+
54. Ka4 Rxc5 55. Rf1 f5 56. Rf2 Kd6 57. Rd2+ Rd5 58. Rf2 Ke5 59. Ka3 Rd4 60. Kb3
a4+ 61. Kc3 Re4 62. Kd3 a3 63. Ra2 Ra4 64. Ke3 g4 65. Kf2 Kf4 66. hxg4 Kxg4 67.
Kg1 Kg3 68. Kh1 h3 69. Kg1 hxg2 70. Rxa3+ Rxa3 1/2-1/2

[Event "Chigorin Memorial 2016"]
[Site "St Petersburg RUS"]
[Date "2016.10.16"]
[Round "2.126"]
[White "Yeritsyan, Aram"]
[Black "Khlopushin, Dmitriy"]
[Result "1-0"]
[WhiteElo "2114"]
[BlackElo "1824"]
[WhiteFideId "34161047"]
[BlackFideId "44147864"]
[EventDate "2016.10.15"]

1. d4 d5 2. c4 e6 3. Nf3 Nf6 4. g3 c6 5. Bg2 Bd6 6. Nc3 Nbd7 7. O-O O-O 8. Nd2
Bc7 9. e4 dxc4 10. Nxc4 b6 11. b3 Ba6 12. e5 Nd5 13. Ne4 b5 14. Ncd6 Bxd6 15.
Nxd6 N7b6 16. Qc2 Qd7 17. Bd2 Ne7 18. Rac1 Nbd5 19. Rfd1 Rab8 20. Qc5 b4 21.
Bxd5 exd5 22. Bxb4 Be2 23. Re1 Bh5 24. Ba3 Ng6 25. Qc3 Qh3 26. Re3 Qg4 27. f3
Qg5 28. Rf1 Nf4 29. Kh1 Nh3 30. Bc1 Rfd8 31. Re4 Qg6 32. Rh4 Ng5 33. g4 Rxd6 34.
exd6 Qxd6 35. Rxh5 1-0

[Event "Chigorin Memorial 2016"]
[Site "St Petersburg RUS"]
[Date "2016.10.16"]
[Round "2.127"]
[White "Zhemchuzhina, Elizaveta"]
[Black "Enkhbat, Tsendragchaa"]
[Result "1/2-1/2"]
[WhiteElo "1825"]
[BlackElo "2113"]
[WhiteFideId "34106607"]
[BlackFideId "4900243"]
[EventDate "2016.10.15"]

1. d4 d5 2. c4 e6 3. cxd5 exd5 4. Nc3 Nf6 5. Bg5 Be7 6. e3 Nbd7 7. Bd3 c6 8. Qc2
h6 9. Bh4 Nh5 10. Bxe7 Qxe7 11. Nge2 Nb6 12. O-O O-O 13. Rae1 Re8 14. e4 dxe4
15. Bxe4 Nf6 16. Bd3 Bg4 17. h3 Bxe2 18. Rxe2 Qd7 19. Rd2 Nbd5 20. Nxd5 Nxd5 21.
Bc4 Nf4 22. Rfd1 Qe7 23. Qf5 Qc7 24. d5 cxd5 25. Bxd5 Nxd5 26. Rxd5 Rad8 27.
Rxd8 Rxd8 28. Rxd8+ Qxd8 29. g3 g6 30. Qb5 Qc7 31. Qe8+ Kg7 32. Qe3 a6 33. a3
Qd6 34. Qc3+ Qf6 35. Qb4 Qf3 36. Qd4+ Kh7 37. Kh2 g5 38. Kg1 Kg6 39. Qb6+ f6 40.
Qe6 h5 41. Qe8+ Kf5 42. Qd7+ Ke5 43. Qc7+ Kd4 44. Qb6+ Kd3 45. Qb3+ Ke2 46. Qc2+
Ke1 47. Qc1+ Qd1 48. Qe3+ 1/2-1/2

[Event "Chigorin Memorial 2016"]
[Site "St Petersburg RUS"]
[Date "2016.10.16"]
[Round "2.128"]
[White "Peev, Kosta"]
[Black "Rudikov, Dmitry"]
[Result "1/2-1/2"]
[WhiteElo "2108"]
[BlackElo "1823"]
[WhiteFideId "15001660"]
[BlackFideId "44147171"]
[EventDate "2016.10.15"]

1. d4 d5 2. Nf3 e6 3. e3 Nf6 4. Bd3 c5 5. b3 cxd4 6. exd4 Bd6 7. O-O O-O 8. Nbd2
Nbd7 9. Bb2 b6 10. Ne5 Bb7 11. Qe2 Rc8 12. a3 Qe7 13. Rfe1 Bb8 14. a4 Bd6 15.
Rec1 Rfd8 16. a5 Nf8 17. Ba6 Ng6 18. axb6 axb6 19. Qb5 Qc7 20. Bxb7 Qxb7 21. Ra6
Bc7 22. Rca1 Ra8 23. Nc6 Rxa6 24. Rxa6 Ra8 25. Nb4 Rc8 26. c4 dxc4 27. bxc4 Ne4
28. Nc6 Nxd2 29. Ra7 Qxc6 30. Qxc6 Bxh2+ 31. Kxh2 Rxc6 32. Ra8+ Nf8 33. Ba3 h6
34. Rxf8+ Kh7 35. d5 Rxc4 36. d6 Rd4 37. Bb2 Rxd6 38. Rxf7 e5 39. Bxe5 Rg6 40.
f4 Ne4 41. f5 Rg5 42. Re7 Nf2 1/2-1/2

[Event "Chigorin Memorial 2016"]
[Site "St Petersburg RUS"]
[Date "2016.10.16"]
[Round "2.129"]
[White "Atovmian, Artem"]
[Black "Tersinsev, Andrey"]
[Result "0-1"]
[WhiteElo "1823"]
[BlackElo "2107"]
[WhiteFideId "44133545"]
[BlackFideId "24194662"]
[EventDate "2016.10.15"]

1. e4 c5 2. Nf3 Nc6 3. Bb5 e6 4. Bxc6 bxc6 5. O-O g6 6. d4 cxd4 7. Qxd4 f6 8. b3
Qb6 9. Qd3 Bg7 10. Nbd2 Ba6 11. c4 Rd8 12. Ba3 Ne7 13. Rad1 c5 14. Rfe1 d6 15.
Bb2 O-O 16. Qc3 Nc6 17. Nf1 Bb7 18. Rd2 Rf7 19. Ng3 Rfd7 20. Rdd1 Re7 21. h3 Nb4
22. Qd2 Red7 23. Nd4 cxd4 24. Bxd4 Qa5 25. Bc3 Qxa2 26. Bxb4 Qxb3 27. Rc1 Bh6
28. Qxh6 Qxb4 29. Qe3 a5 30. Qd4 Kf7 31. Rf1 Rc8 32. Ra1 Ba6 33. Rab1 Qc5 34.
Qc3 Rb7 35. Rxb7+ Bxb7 36. Ra1 Ra8 37. Qb3 Bc6 38. Qd3 Rb8 39. Rd1 Ke7 40. Qd2
Rb7 41. Qh6 Ke8 42. Qf4 Qe5 43. Qxe5 dxe5 44. Rd6 Rb6 45. Rxe6+ Kf7 46. Rd6 a4
47. Rd2 Rb1+ 48. Kh2 Rc1 49. Ra2 Rxc4 50. f3 Ke6 51. Ne2 Kd6 52. Kg1 Kc5 53. Kf2
Kb4 54. Rb2+ Kc5 55. Ra2 Bb5 56. Ke1 Kb4 57. Rb2+ Ka5 58. Ra2 Rc7 59. Kd2 Bxe2
60. Kxe2 Rd7 61. Ra1 Kb4 62. Rb1+ Kc3 63. Rb6 a3 64. Ra6 Kb4 65. Ra8 Rd4 66.
Rb8+ Kc3 67. Ra8 Kb3 68. Rb8+ Rb4 69. Rd8 a2 70. Rd1 Kb2 71. Rd2+ Ka3 72. Rd3+
Ka4 73. Rd7 Kb3 74. Rd1 Ra4 75. Rd3+ Kc4 0-1

[Event "Chigorin Memorial 2016"]
[Site "St Petersburg RUS"]
[Date "2016.10.16"]
[Round "2.130"]
[White "Rudenko, Naum"]
[Black "Kuznetsov, Mikhail"]
[Result "1-0"]
[WhiteElo "2102"]
[BlackElo "1801"]
[WhiteFideId "34146072"]
[BlackFideId "54126738"]
[EventDate "2016.10.15"]

1. e4 c5 2. Nf3 d6 3. d4 cxd4 4. Qxd4 Nc6 5. Bb5 Bd7 6. Bxc6 Bxc6 7. Nc3 Nf6 8.
Bg5 e6 9. O-O-O Be7 10. Rhe1 Qa5 11. Kb1 O-O 12. Qd2 Rac8 13. Nd5 Qd8 14. Nxe7+
Qxe7 15. Qxd6 Qxd6 16. Rxd6 Nxe4 17. Rxc6 Rxc6 18. Rxe4 Rfc8 19. c3 f6 20. Be3
e5 21. Kc2 a6 22. Nd2 b5 23. a4 Kf7 24. axb5 axb5 25. Rb4 Rb8 26. Nb1 Rc4 27.
Kb3 f5 28. Na3 f4 29. Ba7 Rxb4+ 30. cxb4 Rb7 31. Bc5 h5 32. Kc2 Ke6 33. Kd3 Kf5
34. f3 g5 35. h3 Rd7+ 36. Ke2 Rb7 37. Nb1 e4 38. fxe4+ Kxe4 39. Nc3+ Kf5 40. h4
g4 41. Bd6 Ra7 42. Bc5 Rb7 43. Bd4 Rb8 44. Kf2 Rb7 45. Ne2 Rd7 46. Bc3 Ke4 47.
g3 f3 48. Nf4 Rb7 49. Bd2 Rd7 50. Be3 Rh7 51. Bc5 Rd7 52. Ke1 Rh7 53. Ne6 Kd3
54. Nd4 Rb7 55. Kf2 Rb8 56. Ne6 Re8 57. Nf4+ Kc4 58. Be3 Re5 59. Bd2 Re7 60. Bc3
Rh7 61. Be1 Kb3 62. Nd5 Kc2 63. Nc3 Re7 64. Nxb5 Re2+ 65. Kf1 Rh2 66. Bf2 Rh1+
67. Bg1 Kd2 68. Nc3 Rh3 69. Kf2 1-0

[Event "Chigorin Memorial 2016"]
[Site "St Petersburg RUS"]
[Date "2016.10.16"]
[Round "2.131"]
[White "Mushak, Alexander"]
[Black "Navrodskiy, Boris"]
[Result "0-1"]
[WhiteElo "1818"]
[BlackElo "2099"]
[WhiteFideId "24134082"]
[BlackFideId "24176826"]
[EventDate "2016.10.15"]

1. e4 c6 2. d4 d5 3. Nc3 dxe4 4. Nxe4 Nd7 5. c3 Ngf6 6. Bd3 Nxe4 7. Bxe4 Nf6 8.
Qc2 Nxe4 9. Qxe4 Qd5 10. Qxd5 cxd5 11. Ne2 e6 12. O-O f6 13. Re1 Kf7 14. Bf4 Bd7
15. h3 Be7 16. Bh2 b5 17. a3 a5 18. Nf4 b4 19. axb4 axb4 20. Nd3 bxc3 21. bxc3
g5 22. f4 h6 23. fxg5 hxg5 24. Bc7 Bb5 25. Nc5 e5 26. Nb7 e4 27. Nd6+ Bxd6 28.
Bxd6 Bd3 29. Ra3 Rxa3 30. Bxa3 f5 31. Ra1 Ra8 32. Bb2 Rb8 33. Ra7+ Kg6 34. Ba3
Rb1+ 35. Kh2 e3 36. Bf8 e2 37. Rg7+ Kf6 0-1

[Event "Chigorin Memorial 2016"]
[Site "St Petersburg RUS"]
[Date "2016.10.16"]
[Round "2.132"]
[White "Matchenya, Ivan"]
[Black "Selivanov, Ivan"]
[Result "0-1"]
[WhiteElo "1812"]
[BlackElo "2094"]
[WhiteFideId "34120120"]
[BlackFideId "24199060"]
[EventDate "2016.10.15"]

1. e4 c5 2. Nc3 d6 3. f4 Nc6 4. Bb5 Bd7 5. Nf3 g6 6. d3 Bg7 7. O-O a6 8. Bxc6
Bxc6 9. Qe1 Qd7 10. Bd2 Nh6 11. Qh4 f5 12. Rae1 O-O 13. Ng5 Rae8 14. Ne2 fxe4
15. dxe4 e5 16. h3 d5 17. fxe5 Rxf1+ 18. Rxf1 Rxe5 19. Bf4 Re8 20. e5 d4 21. e6
Qd5 22. Rf2 Rf8 23. Ng3 d3 24. Rd2 Qd4+ 25. Rf2 d2 0-1

[Event "Chigorin Memorial 2016"]
[Site "St Petersburg RUS"]
[Date "2016.10.16"]
[Round "2.133"]
[White "Trapeznikova, Darya"]
[Black "Seregina, Maria"]
[Result "1-0"]
[WhiteTitle "WFM"]
[WhiteElo "2093"]
[BlackElo "1797"]
[WhiteFideId "24121118"]
[BlackFideId "24178853"]
[EventDate "2016.10.15"]

1. d4 Nf6 2. c4 g6 3. Nc3 d5 4. e3 Bg7 5. Nf3 O-O 6. b4 c6 7. Bd3 a5 8. b5 dxc4
9. Bxc4 c5 10. Bb2 cxd4 11. Nxd4 Qc7 12. Qb3 Nbd7 13. Rc1 Nc5 14. Qa3 e5 15. Nb3
Nxb3 16. Qxb3 Be6 17. Bxe6 fxe6 18. Qxe6+ Qf7 19. Qxf7+ Rxf7 20. e4 Nh5 21. g3
Rf3 22. Nd5 Raf8 23. O-O Nf6 24. Nxf6+ Bxf6 25. Rc7 Rb8 26. Rd1 Bd8 27. Rcd7 Bb6
28. Bxe5 Re8 29. Bd4 Bxd4 30. R1xd4 Ref8 31. Rd2 R3f7 32. f4 Kg7 33. Kf2 Rb8 34.
Ke3 h5 35. e5 b6 36. e6 Rxd7 37. exd7 Rd8 38. Ke4 Kf7 39. Ke5 Ke7 40. Rd6 1-0